[Event "FIDE World Cup"]
[Site "Khanty-Mansiysk"]
[Date "2005.12.07"]
[Round "4.2"]
[White "Ponomariov, Ruslan"]
[Black "Van Wely, Loek"]
[Result "1-0"]
[WhiteElo "2704"]
[BlackElo "2648"]
[Annotator "Rogozenco,D"]
[PlyCount "59"]
[EventDate "2005.11.27"]
[EventType "k.o."]
[EventRounds "7"]
[EventCountry "RUS"]
[SourceTitle "CBM 111"]
[Source "ChessBase"]
[SourceDate "2006.04.04"]
[SourceVersion "1"]
[SourceVersionDate "2006.04.04"]
[SourceQuality "1"]

1. e4 c5 2. Nf3 e6 3. c3 Nf6 4. e5 Nd5 5. Bc4 Nb6 6. Bb3 d6 7. exd6 Bxd6 8. O-O
Nc6 9. d4 cxd4 10. cxd4 {This position often arises via a different move order:
2.c3 Nf6 3.e5 Nd5 4.Nf3 Nc6 5.Bc4 Nb6 6.Bb3 d5 7.exd6 e6 (the main move is 7...
Qxd6) 8.d4 cxd4 9.cxd4 Bxd6 10.0-0.} Nd5 (10... O-O $142 $13) (10... Ne7 $5) ({
Even} 10... Be7 {is interesting, arranging pieces more typically against IQP.})
11. Bg5 $146 (11. Nc3 $14) 11... Be7 12. Bxd5 $1 $14 Qxd5 ({Safer is} 12...
exd5 {but then White is just slightly better in a symmetrical pawn structure,
with no risk of losing. In this second game of the match Van wely had to win
with Black in order to level the score, so his decision is understandable.}) (
12... Bxg5 13. Bxc6+ bxc6 14. Nxg5 Qxg5 15. Qc1 {is also not an attempt to
play for a win.}) 13. Nc3 Qf5 {Overstepping the line. Now White achieved a
very strong initiative.} ({The objectively best} 13... Qd6 $14 {must have been
rejected automatically by Loek in view of} 14. Nb5 Qd8 15. Bf4 O-O 16. Nc7 Rb8
17. Nb5 Ra8 18. Nc7 $11 {and White would have achieved immediately the win in
the match.}) 14. Bxe7 Nxe7 15. Qa4+ $1 Bd7 (15... Nc6 16. d5 exd5 17. Rfe1+ Be6
18. Nd4 Qg4 19. Nxe6 Qxa4 20. Nc5+ Qe4 21. N3xe4 dxe4 22. Rxe4+ $16) 16. Qa3
$16 Nd5 (16... Bc6 17. Ne5 f6 18. Nxc6 Nxc6 19. d5 exd5 20. Nb5 $16) 17. Ne5
Nxc3 ({Relatively bets is} 17... Bc6 {although White has a huge advantage
after the simple} 18. Rfe1) 18. bxc3 Qg5 19. Rab1 $18 Bc8 (19... b6 20. Rxb6
$18) 20. Rfe1 Qe7 21. Qa4+ Kf8 22. d5 {Black is helpless. White opens up the
position and everything is over.} h5 (22... exd5 23. Ng6+ $18) 23. Rbd1 exd5
24. Ng6+ fxg6 25. Rxe7 Kxe7 26. Qd4 Kf7 27. Qxd5+ Kf6 28. Qd4+ Kf7 29. Qc4+ Be6
30. Rd7+ 1-0

[Event "EU-ch 3rd"]
[Site "Batumi"]
[Date "2002.06.17"]
[Round "6"]
[White "Potkin, Vladimir"]
[Black "Atakisi, Umut"]
[Result "1-0"]
[WhiteElo "2493"]
[BlackElo "2358"]
[Annotator "Rogozenco,D"]
[PlyCount "57"]
[EventDate "2002.06.12"]
[EventType "swiss"]
[EventRounds "13"]
[EventCountry "GEO"]
[SourceTitle "CBM 090"]
[Source "ChessBase"]
[SourceDate "2002.09.20"]
[SourceVersion "1"]
[SourceVersionDate "2002.09.20"]
[SourceQuality "1"]

1. e4 c5 2. c3 Nf6 3. e5 Nd5 4. Nf3 Nc6 5. d4 cxd4 6. cxd4 d6 7. Bc4 Nb6 8. Bb5
dxe5 9. Nxe5 Bd7 10. Nxd7 Qxd7 11. Nc3 Rd8 12. O-O (12. Be3 e6 13. Qg4 a6 14.
Bxc6 Qxc6 15. O-O h5 $11) 12... e6 13. a4 $5 $146 {An interesting new idea.
The alternatives brought White nothing so far.} (13. Bxc6 Qxc6 14. Bg5 f6 (
14... Rc8 15. Rc1) 15. Be3 Be7 16. Qh5+ g6 $13) 13... a6 (13... Qxd4 $2 14.
Qxd4 Rxd4 15. a5 Nd5 16. a6 $36) (13... Be7 $142 14. a5 $140 Nd5 15. a6 Nc7) (
13... Bb4 $5) 14. Bxc6 Qxc6 15. Bg5 f6 (15... Rd7 $6 16. a5 Nd5 17. Rc1 {
[%csl Rc8][%cal Gc1c8]}) (15... Be7 16. Bxe7 Kxe7 17. Qg4 h6 (17... Rhe8 18.
Qh4+ {[%csl Rh7]}) 18. Rfe1 Rhe8 (18... Nd5 19. Rac1 Nf6 20. Qg3 $16) 19. Rac1
$36) (15... Rc8 16. a5 (16. Rc1 $36) 16... Nd5 17. Rc1 $36) 16. Be3 Bb4 $2 (
16... Be7 17. Qh5+ g6 $13) 17. d5 $1 {Very nice. White opens the central files
and also the fourth rank. Black king has no time to castle.} Nxd5 18. Nxd5 Rxd5
19. Qg4 {[%csl Rb4,Rg7]} Bf8 20. Rac1 Qd7 (20... Qd6 21. Rc7 $5 (21. Bf4 Rd4
22. Rc8+ Kf7 23. Bxd6 Rxg4 24. Rb8 $44) (21. Rc8+ Kf7 22. Rfc1 $44)) 21. Rc7 $1
Qxc7 22. Qxe6+ Be7 23. Qxd5 Qd7 24. Qb3 g5 25. Rd1 Qc6 26. Rc1 Qd7 27. Bb6 Bd6
28. Rd1 Qe7 29. Qd5 1-0

[Event "EU-ch 3rd"]
[Site "Batumi"]
[Date "2002.06.22"]
[Round "10"]
[White "Potkin, Vladimir"]
[Black "Kotronias, Vasilios"]
[Result "1-0"]
[WhiteElo "2493"]
[BlackElo "2580"]
[Annotator "Rogozenco,D"]
[PlyCount "71"]
[EventDate "2002.06.12"]
[EventType "swiss"]
[EventRounds "13"]
[EventCountry "GEO"]
[SourceTitle "CBM 090"]
[Source "ChessBase"]
[SourceDate "2002.09.20"]
[SourceVersion "1"]
[SourceVersionDate "2002.09.20"]
[SourceQuality "1"]

1. e4 c5 2. c3 Nf6 3. e5 Nd5 4. d4 cxd4 5. Nf3 Nc6 6. cxd4 d6 7. Bc4 Nb6 8. Bb5
dxe5 9. Nxe5 Bd7 10. Nxd7 {Potkin uses this set-up with great success lately.
Another player who constantly uses it is Godena.} Qxd7 11. Nc3 {Known as a
drawish line. However, White players found some ideas lately and because White
has practically no risk to lose the present position became quite popular in
the practice. It requires accuracy from Black to reach complete equality.} e6 (
11... Rd8) 12. O-O (12. Qg4 h5 $11) 12... Be7 (12... a6 13. Bxc6 Qxc6 14. Bg5 (
14. Qg4 h5) 14... Bb4 15. Qg4 Bxc3 16. Rac1 f6 17. Bf4 Qd7 18. bxc3 O-O 19. c4
e5 20. Qxd7 {1/2-1/2 Potkin,V-Grachev,B/St Petersburg 2001/.}) 13. Qg4 O-O 14.
Bxc6 {An interesting idea, played for the first time in 1980. White's point is
to provoke the move ...Bf6 and then attack it with Ne4. If Black takes on c6
with the queen, then the queen will be too far to protect the bishop on f6. If
he takes with the pawn, then White will have a slightly better pawn structure.}
(14. Rd1 Rfd8 15. Bh6 g6 $11) (14. Bh6 $2 Qxd4) 14... Qxc6 (14... bxc6 15. Bh6
Bf6 16. Rfd1 Kh8 17. Ne4 Qe7 18. Bg5 Bxg5 19. Qxg5 Qxg5 20. Nxg5 $11 {/+/=,
Potkin-Timoshenko Geo, Kiev 2001}) 15. Bh6 Bf6 16. Rfd1 (16. Ne4 $2 Bxd4) (16.
Rad1 Qd7 17. Ne4 Qe7 18. Rd3 Kh8 19. Bf4 Rfd8 20. Rh3 Rd5 21. Nxf6 Qxf6 22. Be5
Qg6 23. Qxg6 fxg6 24. Rc3 Nd7 25. Rfc1 h6 26. Rc7 b6 27. Kf1 g5 28. Rb7 Nxe5
29. dxe5 Rxe5 30. Rd7 Ra5 31. Rcc7 Rxa2 32. Rxg7 Rxb2 33. Rh7+ Kg8 34. Rhg7+
Kh8 35. Rh7+ Kg8 36. Rhg7+ Kh8 37. Rh7+ Kg8 {1/2-1/2 Godena,M-Bacrot,E/Cannes
1995}) 16... Kh8 $2 {Black should bring back the queen to protect bishop f6.} (
16... Qd7 17. Ne4 Qd8 (17... Qe7 18. Rd3 Kh8 19. Bf4 Rfd8 20. Rh3 Rd5 21. Nxf6
Qxf6 22. Be5 Qg6 23. Qxg6 fxg6 {like in the above given game Godena-Bacrot is
an edge for White, but Black has no real poroblems to hold the position.}) 18.
Rd3 Kh8 19. Bf4 Nd5 20. Be5 Bxe5 21. dxe5 Qc7 22. Nd6 f6 23. Rf3 Qe7 24. Qe4
fxe5 25. Rxf8+ Rxf8 26. Qxe5 Nf4 27. Rd1 h6 28. Ne4 Qf7 $14 {/=} 29. f3 $2 Nxg2
$1 30. Nc5 Qxf3 {0-1 Godena,M-Dominguez,L/Lausanne 2001}) 17. Ne4 Rg8 (17...
Bxd4 18. Rxd4 gxh6 {Looks ugly for Black, but the game continuation is even
worse.}) 18. Bg5 Bxd4 (18... Bxg5 $2 19. Nxg5 {[%csl Rf7,Rh7][%cal Gg4h5]}) 19.
Rxd4 f5 {All this was met before and White is much better. The present game
doesn't change the evaluation - Black loses pawn e6.} 20. Qe2 fxe4 21. Rxe4 {
[%csl Re6]} h6 (21... Rge8 22. Re1 Rac8 23. g3 Nd5 24. Rxe6 Rxe6 25. Qxe6 $18 {
1-0 Potkin,V-Kurnosov,I/St Petersburg 2001 (63)}) 22. Rxe6 $1 Rge8 23. Be7 Qd5
24. Rd1 Qxa2 25. Rxh6+ gxh6 26. Bf6+ Kg8 (26... Kh7 27. Qd3+ Kg8 28. Qg6+) 27.
Qg4+ Kf7 28. Qg7+ Ke6 29. Bc3 Qd5 (29... Rad8 30. Qf6#) 30. Rxd5 Kxd5 31. Qxb7+
Kc4 32. Qc6+ Kb3 33. h4 Rac8 34. Qxh6 Na4 35. Bd4 a5 36. Qa6 1-0

[Event "Corus-C"]
[Site "Wijk aan Zee"]
[Date "2006.01.25"]
[Round "10"]
[White "Jonkman, Harmen"]
[Black "Adly, Ahmed"]
[Result "1/2-1/2"]
[WhiteElo "2470"]
[BlackElo "2473"]
[Annotator "Rogozenco,D"]
[PlyCount "49"]
[EventDate "2006.01.14"]
[EventType "tourn"]
[EventRounds "13"]
[EventCountry "NED"]
[EventCategory "9"]
[SourceTitle "CBM 111"]
[Source "ChessBase"]
[SourceDate "2006.04.04"]
[SourceVersion "1"]
[SourceVersionDate "2006.04.04"]
[SourceQuality "1"]

1. e4 c5 2. c3 d5 3. exd5 Qxd5 4. d4 Nc6 5. Nf3 cxd4 ({After the immediate} 
5... e5 {White can consider} 6. dxe5 {(the best, according to theory)} Qxd1+ 7.
Kxd1 Bg4 8. Bf4 {with hopes for advantage in endgame. However, after} Nge7 {
Black's position looks perfectly playable.}) 6. cxd4 e5 7. Nc3 ({Now} 7. dxe5 {
is dubious, since after} Qxd1+ 8. Kxd1 {the king is less comfortable on d1
than in a similar variation with the c-pawns on the board.}) 7... Bb4 8. Bd2 (
8. Be3 exd4 9. Nxd4 Nge7 $11) 8... Bxc3 9. Bxc3 e4 (9... exd4 10. Nxd4 $14 {
[%csl Gc3,Gf1]}) 10. Ne5 ({Deserves attention the piece sacrifice} 10. Be2 $5
exf3 11. Bxf3 Qe6+ 12. Kf1 $44) ({The main alternative to the game move is} 10.
Nd2 Nf6 11. Bc4 Qg5 12. d5 Ne5 13. Bb5+ {with a double edged position after}
Kf8 $5 {[%csl Rg2]}) 10... Nxe5 11. dxe5 Ne7 {White has an edge thanks to his
bishop pair, but due to Black's strong pawn on e4 it is rather difficult to
prove a sensible advantage.} 12. Be2 ({Not better is the popular} 12. Qa4+ Bd7
13. Qa3 (13. Qb4 Qc6) 13... Qe6 {and Black does not have particular problems.})
12... Bd7 (12... O-O 13. O-O $14) 13. O-O Bc6 14. Qc1 Qe6 15. Rd1 Ng6 $146 (
15... Nd5 16. Bc4 $140 Nxc3 $1 (16... O-O 17. Bb4 $16 {[%cal Gb4d6]}) 17. Qxc3
Qe7 $14 {/=}) (15... Qf5 16. b4 b6 17. Rd6 O-O 18. h3 $14 {Potkin-Adly,
Ismailia 2004}) 16. Rd6 (16. Qg5 h6 17. Qg3 $36 {[%cal Gd1d6,Ge2g4]}) 16... Qe7
17. Bb4 O-O 18. Rxg6 ({Correct was} 18. Rxc6 $1 Qxb4 19. Rc4 Qb6 (19... Qa5 20.
Rxe4 Nxe5 (20... Rfe8 21. f4 $16) 21. b4 Qd5 22. Qe3 Ng6 23. h4 $1 $36) 20.
Rxe4 Rac8 21. Bc4 Qc6 22. Qe3 Nxe5 23. Bb3 $1 $14 {The bishop is stronger than
the knight, which secures White an edge.}) 18... Qxb4 19. Rxg7+ {The correct
decision. White doesn't really have a choice, since here Black's chances are
by no means worse.} (19. Rg3 Qe7 {[%csl Re5]}) (19. Rg5 Rfd8 $5 $15 {[%cal
Gb4d2]}) 19... Kxg7 20. Qg5+ Kh8 21. Qf6+ Kg8 22. Qg5+ Kh8 23. Qf6+ Kg8 24.
Qg5+ Kh8 25. Qf6+ 1/2-1/2

[Event "EU-ch 10th"]
[Site "Budva"]
[Date "2009.03.17"]
[Round "11"]
[White "Godena, Michele"]
[Black "Valeanu, Eduard Andrei"]
[Result "1-0"]
[WhiteElo "2537"]
[BlackElo "2432"]
[Annotator "Rogozenco,D"]
[PlyCount "79"]
[EventDate "2009.03.06"]
[EventType "swiss"]
[EventRounds "11"]
[EventCountry "MNE"]
[SourceTitle "CBM 130"]
[Source "ChessBase"]
[SourceDate "2009.05.20"]
[SourceVersion "1"]
[SourceVersionDate "2009.05.20"]
[SourceQuality "1"]

1. e4 c5 2. c3 Nf6 3. e5 Nd5 4. Nf3 Nc6 5. d4 cxd4 6. cxd4 d6 7. Bc4 Nb6 8. Bb5
Bd7 9. Nc3 dxe5 10. d5 {The most principled move in this little-studied
opening line.} Nb4 11. Nxe5 Bxb5 12. Nxb5 Rc8 ({The critical continuation is
the old} 12... g6 $13 {which still awaits to be tested in the modern practice.}
) 13. O-O Qxd5 14. Nxa7 Ra8 $146 {This attempt to improve the variation is
nicely refuted by Godena.} ({Black has no choice but play the risky variation} 
14... Qxe5 15. Nxc8 Nxc8 16. Re1 $36 {1-0 Stevic,H (2571)-Sidorenko,I (2334)/
Plovdiv 2008 (31)}) 15. Be3 $1 Qxd1 (15... Rxa7 16. Bxb6 Ra8 17. a3 Qxd1 18.
Rfxd1 Nc6 19. Nxc6 bxc6 20. Rac1 Rc8 21. Rxc6 $18) 16. Raxd1 $1 {The point.
The other rook will soon be useful on f1.} ({After} 16. Rfxd1 N6d5 17. a3 Nxe3
18. Nb5 Na6 19. fxe3 g6 {Black's task is considerably easier than in the game.}
) 16... N6d5 (16... N4d5 17. Nb5 Rc8 (17... e6 18. Bxb6 Nxb6 19. Nc7+ $18) 18.
Bxb6 Nxb6 19. Rc1 $18) 17. a3 $1 Nxe3 18. Nb5 {A nice "intermezzo", which
nevertheless would have been more precise after 18.fxe3 f6 and only now 19.Nb5!
} Na6 $2 {The decision to keep material equality is wrong, making White's play
extremely easy.} ({Black could keep practical chances with} 18... Nxd1 $1 19.
Nc7+ (19. Rxd1 $2 Na6 $19) 19... Kd8 20. Nxa8 Nxb2 21. Nxf7+ (21. axb4 Rg8 22.
Nxf7+ Kd7 $16 {/+/=}) 21... Kd7 22. Nxh8 N4d3 23. Nf7 e5 $16 {/+/=}) 19. fxe3 {
[%csl Rf7][%cal Gf1f7]} f6 20. Nc4 e6 (20... Rc8 $142 21. Rc1 {[%cal Gc4d6]}
Rc5 22. Na7 $1 e6 23. b4 Rd5 24. Na5 $16) 21. Nb6 Rb8 22. b4 $18 {The triumph
of White's strategy: his pieces completely dominate the board.} h5 (22... Be7
23. Rd7 Bd8 24. Nd6+ Kf8 25. Nbc8 Bc7 26. Rf7+ Kg8 27. Ne7#) 23. Rd7 h4 24.
Rfd1 Rh5 25. Nd6+ Bxd6 26. R1xd6 Kf8 (26... Re5 27. Rxg7 $18) 27. Rxe6 Rb5 28.
Nc4 Nxb4 29. Nd6 (29. axb4 Rxb4 30. Nd6 $18) 29... Rd5 30. axb4 Ra8 31. Rc7
Rd1+ 32. Kf2 Ra2+ 33. Kf3 Kg8 (33... Rf1+ 34. Kg4 Rxg2+ 35. Kh3 {[%cal Ge6e8]})
34. Ne8 Rf1+ 35. Ke4 Rxg2 36. Ree7 Rg4+ 37. Kd3 Rxb4 38. Rxg7+ Kf8 39. Rh7 Rg4
40. Nxf6 1-0

[Event "Budapest FS04 GM-A"]
[Site "Budapest"]
[Date "2002.04.10"]
[Round "9"]
[White "Vajda, Levente"]
[Black "Horvath, Adam"]
[Result "0-1"]
[WhiteElo "2539"]
[BlackElo "2464"]
[Annotator "Rogozenco,D"]
[PlyCount "98"]
[EventDate "2002.04.02"]
[EventType "tourn"]
[EventRounds "13"]
[EventCountry "HUN"]
[EventCategory "9"]
[SourceTitle "CBM 089"]
[Source "ChessBase"]
[SourceDate "2002.08.12"]
[SourceVersion "1"]
[SourceVersionDate "2002.08.12"]
[SourceQuality "1"]

1. e4 c5 2. c3 Nf6 3. e5 Nd5 4. d4 cxd4 5. Nf3 Nc6 6. Bc4 Nb6 7. Bb3 d5 8. exd6
Qxd6 9. Na3 dxc3 10. Qe2 Bf5 11. Nb5 Qd7 12. Ne5 Nxe5 13. Qxe5 Rc8 {The young
Romanian Grandmaster Levente Vajda keeps on playing this position, each time
having some improvements in mind. In this game too, soon he made a new attempt
to find a way for the initiative.  Unfortunately for White, Black has a very
solid position with slightly better chances in most of the cases.} 14. O-O Nc4
15. Bxc4 Rxc4 16. b3 $146 {Here we are. White chases away the rook before
Black played e7-e6, so that now the move Rc5 is not available. On the other
hand (and this happened in the game) White risks to leave Black's c-pawn alive,
which will drastically influence the evaluation of the position.} (16. Nxc3 e6
17. Re1 Rc5 18. Qg3 f6 19. Bf4 Kf7 20. Rad1 Qc6 21. Bd6 Rc4 22. h3 e5 23. Bxf8
Rxf8 24. Qe3 a6 25. Rd2 {and thanks to his control over d-file White has some
compensation for the pawn, 1/2-1/2 Vajda,L-Rogozenko,D/Bucharest 2000 (56).})
16... Rc8 {The natural reply. However, it would be interesting what White had
in mind after the more ambitious 16. ... f6.} (16... f6 $1 {Now White seems to
be forced to give a check on d6 and enter the endgame, since the queen retreat
looks bad:} 17. Nd6+ (17. Qg3 $2 Rg4 18. Qb8+ Kf7 19. Nxc3 {and here Black
wins in several ways, most spectacular is:} Rxg2+ (19... e5) (19... Bd3) (19...
Qc6 20. f3 e5) 20. Kxg2 Bh3+ 21. Kg1 e5 $19) 17... Qxd6 18. Qxd6 exd6 19. bxc4
{In the arising endgame Black's c-pawn is extremely strong. Next plan is to
play Kd7, Be7, Rc8, at one moment c2 and White is in trouble.}) (16... Rc6 $5
17. Nxa7 Rg6 $13) 17. Re1 e6 (17... f6 $2 18. Nd6+) 18. Nxa7 Rc5 19. Qb8+ Qd8
20. Qxb7 Qd5 21. Qb8+ Qd8 22. Qb4 Qa5 23. Qb7 Qc7 24. Qa8+ Qd8 25. Qxd8+ $2 {
White decided to play on, wrongly considering that his queenside pawns are too
powerful. The point is that with black pawn on c2 white rooks won't have
important squares b1 and d1 and black king supported by bishops easily stop
White's pawns.} Kxd8 26. a4 c2 27. a5 Kc7 28. b4 Rd5 29. b5 Kb7 30. Be3 Bc5 {
That's it. Pawns cannot advance anymore. White decided to give up b-pawn in
order to advance another one to a7, but it didn't help either.} 31. Nc6 Bxe3
32. fxe3 Be4 (32... Rxb5) 33. Nd4 (33. a6+ Kb6) 33... e5 34. a6+ Kb6 35. Ne2
Rc8 36. a7 Rxb5 37. Kf2 f5 {White's position is hopeless. During the last 10
moves he lost the b-pawn, while Black developed all the pieces and is ready to
win the a-pawn.} 38. Ng3 Rb1 39. Nxe4 Rxe1 40. Rxe1 Kxa7 41. Rc1 fxe4 42. Ke2
Kb6 43. Kd2 Kb5 44. Rf1 (44. Rxc2 Rxc2+ 45. Kxc2 Kc4 $19) 44... Kb4 45. Kc1 Kc3
46. Rf7 Ra8 47. Rc7+ Kd3 48. Rd7+ Kxe3 49. Kxc2 Ra2+ 0-1

[Event "SCG-ch 2nd"]
[Site "Pancevo"]
[Date "2006.03.01"]
[Round "3"]
[White "Savic, Miodrag R"]
[Black "Antic, Dejan"]
[Result "1-0"]
[WhiteElo "2517"]
[BlackElo "2505"]
[Annotator "Rogozenco,D"]
[PlyCount "99"]
[EventDate "2006.02.27"]
[EventType "tourn"]
[EventRounds "13"]
[EventCountry "YUG"]
[EventCategory "11"]
[SourceTitle "CBM 112"]
[Source "ChessBase"]
[SourceDate "2006.06.07"]
[SourceVersion "1"]
[SourceVersionDate "2006.06.07"]
[SourceQuality "1"]

1. e4 c5 2. c3 Nf6 3. e5 Nd5 4. Nf3 e6 5. g3 Nc6 6. Bg2 d6 7. exd6 Bxd6 8. d4
cxd4 9. Nxd4 Nxd4 10. Qxd4 O-O 11. O-O Qc7 12. Nd2 Bd7 (12... Rd8 $11) 13. Ne4
Be5 14. Qc5 (14. Qd3 Rad8 $11 (14... a6 $11) (14... Rac8 $11)) 14... Qb8 ({
The simplest is} 14... Qxc5 15. Nxc5 Bc6 {and Black is at least equal. For
instance:} 16. Nd3 (16. c4 $6 Nb6 17. Nxb7 Bxg2 18. Kxg2 Nxc4 $17) 16... Bf6
17. Nf4 Rfd8 18. Nxd5 Bxd5 19. Be3 Kf8 20. Rfd1 Bxg2 21. Kxg2 a6 22. Bb6 Rxd1
23. Rxd1 Ke8 24. Kf3 Rc8 {1/2-1/2 Jakubiec,A (2482)-Blehm,P (2530)/Warsaw 2001}
) (14... Bc6 15. f4 b6 16. Qc4 Bd6 17. f5 exf5 18. Rxf5 Ne7 19. Nxd6 Qxd6 20.
Bf4 Qd7 21. Bxc6 Qxc6 22. Qxc6 Nxc6 23. Rd5 Rfd8 24. Rad1 Rxd5 25. Rxd5 Rd8 {
and White's sympobic advantage is not enough to play for a win, 1/2-1/2
Marciano,D (2485)-Lejeune,J (2345)/France 1997 (78)}) 15. Qa3 $5 $146 {It
makes sense to retreat the exposed queen. However, this novelty does not
change the evaluation of an equal opening variation.} (15. f4 Bc7 16. Kh1 Bb6
17. Qd6 Bc6 18. c4 Qxd6 19. Nxd6 Nf6 20. Nxb7 Bxg2+ 21. Kxg2 Rab8 22. c5 Rxb7
23. cxb6 axb6 24. Be3 Nd5 $11 {1/2-1/2 Ivanov,A (2566)-Bruzon,L (2662)/Buenos
Aires 2005 (28)}) (15. Qc4 Bc6 16. Qe2 Qc7 17. f4 Bf6 18. Nxf6+ Nxf6 19. Be3
Bxg2 20. Kxg2 Qc6+ $11 {1/2-1/2 Garagulya,K (2416)-Ionov,S (2558)/Smolensk
2000 (23)}) 15... a5 $6 {Black wants to secure square b4 for the knight, but
on b4 the knight won't be stable anyway. With his last move Black only
unnecessary creates weaknesses.} (15... Bc6 $142 16. f4 Bf6 $5 (16... Bc7 17.
c4 Nb6 (17... Bb6+ 18. Kh1 Nc7 19. c5 Nb5 20. Qb3 Ba5 21. Be3 $14) 18. b3 $14)
17. Nxf6+ (17. Rd1 $6 Be7 18. Qb3 Qc7 $15) 17... Nxf6 $11) 16. f4 $1 Bc7 (16...
Bf6 $142 17. Nxf6+ (17. c4 Bd4+ 18. Kh1 Nb4 $13) 17... Nxf6 18. Be3 Bc6 {
and Black still has little to worry about.}) 17. c4 Nb4 18. Qc3 $1 Bb6+ 19. Kh1
Qa7 20. Rd1 ({It makes no sense for White to play} 20. c5 {and give away
square d5 for black knight:} Bc7 21. b3 Nd5 $14 {/=}) 20... Bc6 21. b3 $1 {
Now White's pressure on the long diagonal is very strong, while there are too
many black pieces on the queenside doing nothing.} Bxe4 {After this exchange
White will have a stable clear advantage. On the other hand Black is
considerably worse anyway.} (21... Na6 22. Bb2 f6 23. Ba3 (23. Nd6 $5 Bxg2+ 24.
Kxg2 $14 {[%csl Rb5]}) 23... Nb4 (23... Rfe8) (23... Rfd8 24. Nxf6+ $1 gxf6 25.
Qxf6 $18) 24. c5 Bxe4 25. Bxe4 Bxc5 26. Rd7 $16) 22. Bxe4 $16 Rad8 23. Bb2 f6
24. Qf3 Bd4 (24... f5 {was worth trying, with a small trap.} 25. a3 ({After} 
25. Bxb7 $2 {Black has} Nd3 $1 $17 {[%cal Gd3b2,Gd3f2] and the knight cannot
be taken in view of the mate:} 26. Rxd3 $2 (26. Rd2 Nxb2 27. Rxb2 Bd4 $17)
26... Rxd3 27. Qxd3 $2 Qxb7+) (25. Qc3 Bd4 26. Rxd4 Rxd4 27. Qxd4 Qxd4 28. Bxd4
fxe4 29. Re1 $16) 25... fxe4 26. Qg4 Bd4 27. Bxd4 Rxd4 28. axb4 $16) 25. Bxd4
Rxd4 26. a3 f5 (26... Na6 27. f5 $1 $16 (27. Bxb7 $16)) 27. Bxf5 $1 (27. Bxb7
$2 Nc2 28. Rac1 Rxd1+ 29. Rxd1 Nd4 30. Qg2 Rb8 $132) 27... Rxf5 28. axb4 Rxd1+
29. Qxd1 Qb6 30. b5 {White is winning. He is a pawn up, has a better pawn
structure and controls the only open file.} g5 31. Qg1 $5 (31. Qd2 gxf4 32.
gxf4 {followed by Rg1+ and Qg2 was a quicker win:} Rf6 33. Rg1+ ({or} 33. Rxa5
Rxf4 34. Ra8+ Rf8 35. Qg5+ $18) 33... Rg6 34. Rd1 $18) 31... Qc7 (31... Qxg1+
32. Kxg1 $1 (32. Rxg1 {leaves Black with some chances to escape:} gxf4 33.
gxf4+ Kf7 34. Rd1 Ke7) 32... gxf4 (32... b6 33. fxg5 Rxg5 34. Rd1 $18) 33. Rxa5
fxg3 34. Ra7 b6 35. Rb7 $18) 32. Qe3 Kf7 33. Re1 Qe7 34. fxg5 Rxg5 35. Rf1+ Rf5
36. Rxf5+ exf5 37. Qf3 (37. Qxe7+ Kxe7 38. Kg2 Kd6 39. Kf3 Kc5 (39... Ke5 40.
Ke3 b6 41. h3 h6 42. h4 h5 43. Kf3 $18) 40. Kf4 a4 41. bxa4 Kxc4 42. Kxf5 Kb4
43. g4 Kxa4 44. h4 $18) 37... Qe1+ 38. Kg2 Qd2+ 39. Qf2 Qd3 40. Qf3 Qd2+ 41.
Qf2 Qd3 42. Kh3 Kg6 43. Qb6+ Kg5 44. Qxb7 Qf1+ 45. Qg2 Qd1 46. Qf2 Qxb3 47.
Qd2+ Kg6 48. Qd6+ Kf7 49. b6 Qxc4 50. Qc7+ 1-0